| 000 | 01210cam a22002894a 4500 | ||
|---|---|---|---|
| 001 | 11807873 | ||
| 003 | NUST-PNEC | ||
| 005 | 20170116180702.0 | ||
| 008 | 991012s2000 flua b 001 0 eng | ||
| 010 | _a 99052988 | ||
| 020 | _a0849320380 | ||
| 040 |
_aDLC _cPNEC _dDLC |
||
| 042 | _apcc | ||
| 050 | 0 | 0 |
_aTA355 _b.M59 2000 |
| 082 | 0 | 0 | _a620.3 MOR |
| 100 | 1 | _aMoretti, P. M. | |
| 245 | 1 | 0 |
_aModern vibrations primer / _cPeter M. Moretti. |
| 260 |
_aBoca Raton, Fla. : _bCRC Press, _cc2000. |
||
| 300 |
_a421 p. : _bill. ; _c24 cm. |
||
| 500 | _ahttp://www.amazon.com/Modern-Vibrations-Primer-Peter-Moretti/dp/0849320380/ref=sr_1_1?s=books&ie=UTF8&qid=1410428091&sr=1-1&keywords=0849320380 | ||
| 504 | _aIncludes bibliographical references and index. | ||
| 650 | 0 |
_aVibration. _xME |
|
| 856 | 4 | 2 |
_3Publisher description _uhttp://www.loc.gov/catdir/enhancements/fy0646/99052988-d.html |
| 906 |
_a7 _bcbc _corignew _d1 _eocip _f19 _gy-gencatlg |
||
| 942 |
_2ddc _cBK |
||
| 999 |
_c60581 _d60581 |
||